{"text_format":"1","workbook":"xlsx","n_sheets":2,"sheets":["Pasiūlymas","Subtiekėjai ir priedai"],"not_rendered":{"charts":0,"images":0,"macros":1,"external_links":0,"defined_names":0,"comments":0,"pivot_tables":0},"unopened":[],"bounds":{"document_bytes":16777216,"sheet_cells":100000,"rows_first":2000,"rows_last":500,"rows_between":2000,"halvings":0,"cell_chars":16384,"cell_head_chars":4096},"cells_cut":0,"cells_raw":0,"read":"whole","date_system":"1900"}

{"sheet":"Pasiūlymas","index":0,"n_rows":98,"n_cols":7,"rows_kept":98,"cut":false,"hidden":false,"merged":[[27,0,27,5],[28,0,28,5],[24,0,24,5],[25,0,25,5],[26,0,26,5],[18,0,18,1],[18,2,18,5],[23,0,23,5],[19,0,19,1],[20,0,20,1],[19,2,19,5],[20,2,20,5],[22,0,22,5],[29,0,29,2],[29,3,29,5],[11,0,11,1],[11,2,11,5],[12,0,12,1],[12,2,12,5],[13,0,13,1],[13,2,13,5],[14,0,14,1],[14,2,14,5],[15,0,15,1],[15,2,15,5],[16,0,16,1],[16,2,16,5],[17,0,17,1],[17,2,17,5]]}
[]
["PIRKIMO SĄLYGŲ PRIEDAS \"PASIŪLYMŲ FORMA\""]
[]
["VIRTUVĖS ORTAKIŲ IR VENTILIACINIŲ KANALŲ VALYMAS"]
[]
["Kam:","VšĮ LSMU Kauno ligoninė"]
[]
["Data:","2022-08-03"]
["Nr.:"]
["Vieta:","Kauno raj. "]
[]
["Tiekėjo pavadinimas / Ūkio subjektų grupės nariai:",null,"UAB \"Technogaja\""]
["Tiekėjo kodas (-ai):",null,300581327]
["Tiekėjo adresas (-ai):",null,"Sėmenos g. 52a, Patamulšėlio km. LT-46164 Kauno raj."]
["Tiekėjo PVM mokėtojo kodas(-ai):",null,"LT100002828318"]
["Tiekėjo / Ūkio subjektų grupės atsakingo partnerio sąskaitos numeris, banko pavadinimas ir banko kodas (-ai):",null,"LT457044060005602978; Bankas: AB SEB bankas"]
["Asmens atsakingo už pasiūlymą vardas, pavardė:",null,"Jurgita Kalninienė"]
["Asmens atsakingo už pasiūlymą telefono numeris, el. pašto adresas:",null,"37065765200; filtrai@technogaja.lt"]
["Tiekėjo / Ūkio subjektų grupės, laimėjimo atveju, pasirašančio sutartį asmens vardas, pavardė, pareigos:",null,"Ramūnas Katkevičius, Direktorius"]
["Tiekėjo / Ūkio subjektų grupės, laimėjimo atveju, už sutarties vykdymą atsakingo asmens vardas, pavardė, telefono numeris, elektroninio pašto adresas:",null,"Jurgita Kalninienė, Pardavimų vadovė; +370 657 65200; filtrai@technogaja.lt"]
["(1) Tiekėjo / Ūkio subjektų grupės narių, (2) ūkio subjektų, kurių pajėgumais remiamasi, ir (3) jei pašalinimo pagrindai taikomi visiems subtiekėjams - subtiekėjų, kolegialaus priežiūros organo (Stebėtojų tarybos) ir (ar) kolegialaus valdymo organo (Valdybos) narių sąrašas (jei sudaryta) ir (ar) asmuo, kuriam suteikti VPĮ 46 str. 2 d. 2 p. numatyti įgaliojimai"]
[]
["Tiekėjo patvirtinimai:"]
["1. Šiuo pasiūlymu pažymime, kad sutinkame su visomi pirkimo sąlygomis, nustatytomis:"]
["1.1. viešojo pirkimo dokumentuose"]
["1.2. kituose pirkimo dokumentuose (jų paaiškinimuose, papildymuose)."]
["2. Patvirtiname, kad informacija ir duomenys, pateikti pasiūlyme, yra teisingi ir apima viską, ko reikia tinkamam sutarties įvykdymui"]
["3. Patvirtiname, kad jei pasiūlyme nenurodyti kolegialaus priežiūros/valdymo organų nariai, šie organai juridiniuose asmenyse nėra sudaryti (taikoma, kai pirkimo dokumentuose nustatyti pašalinimo pagrindai)."]
["4. Pasiūlymas galioja iki termino, nustatyto pirkimo dokumentuose."]
["5. Tais atvejais, kai pagal galiojančius teisės aktus tiekėjui nereikia mokėti PVM, jis nurodo priežastis, dėl kurių PVM nemoka:"]
["6. Tiekėjas kainas pateikia, nurodydamas ne daugiau kaip 2 skaičius po kablelio."]
["Tiekėjo pasiūlymas:"]
["Nr.","Pavadinimas","Kiekis","Mato vienetas","Įkainis be PVM, Eur","Suma be PVM, Eur"]
["1.1.","Virtuvė Hipodromo g. 13, Kaune (pastate 3D4p)"]
["1.1.1.","Apvalūs ortakiai D =200 mm",3.5,"m",10.75,{"$f":"IF(ISBLANK(E35),\"\", PRODUCT(C35,E35))","v":37.625}]
["1.1.2.","Apvalūs ortakiai D =250 mm",9,"m",10.75,96.75]
["1.1.3.","Apvalūs ortakiai D =300 mm",2.5,"m",10.75,26.875]
["1.1.4.","Apvalūs ortakiai D =300-350 mm",4.5,"m",10.75,48.375]
["1.1.5.","Apvalūs ortakiai D =440-500 mm",2,"m",10.75,21.5]
["1.1.6.","Apvalūs ortakiai D ~500 mm",3,"m",10.75,32.25]
["1.1.7.","Sklendės/ uždoriai ortakiuose D = 200 mm",2,"vnt.",6.87,13.74]
["1.1.8.","Sklendės/ uždoriai ortakiuose D = 250 mm",4,"vnt.",6.87,27.48]
["1.1.9.","Sklendės / uždoriai ortakiuose D = 300 mm",2,"vnt.",6.87,13.74]
["1.1.10.","Ištraukimo gaubto vidaus paviršių valymas (5 vnt.)",5,"kv. m",15.4,77]
["1.1.11.","Gaubto filtrų / Grotelių valymas",4,"vnt.",6.87,27.48]
["1.2.","Virtuvė Hipodromo g. 13, Kaune (pastate 4D4p)"]
["1.2.1.","Stačiakampiai ortakiai 200x 200 mm",14,"m",15.12,{"$f":"IF(ISBLANK(E47),\"\", PRODUCT(C47,E47))","v":211.67999999999998}]
["1.2.2.","Stačiakampiai ortakiai 700x 1150 mm",6.5,"m",15.12,{"$f":"IF(ISBLANK(E48),\"\", PRODUCT(C48,E48))","v":98.28}]
["1.2.3.","Apvalus ortakiai D=300 mm",3,"m",13.8,{"$f":"IF(ISBLANK(E49),\"\", PRODUCT(C49,E49))","v":41.400000000000006}]
["1.2.4.","Ištraukimo gaubto vidaus paviršių valymas (2 vnt.)",8,"kv. m",15.4,{"$f":"IF(ISBLANK(E50),\"\", PRODUCT(C50,E50))","v":123.2}]
["1.2.5.","Gaubto filtrų / Grotelių valymas",23,"vnt.",6.87,{"$f":"IF(ISBLANK(E51),\"\", PRODUCT(C51,E51))","v":158.01}]
["1.3.","Virtuvė S. Dariaus ir S. Girėno g. 48, Kaune (pastatas 1D3p)"]
["1.3.1.","Apvalūs ortakiai D =200 mm",1.5,"m",13.8,{"$f":"IF(ISBLANK(E53),\"\", PRODUCT(C53,E53))","v":20.700000000000003}]
["1.3.2.","Apvalūs ortakiai D =250 mm",6.5,"m",13.8,89.7]
["1.3.3.","Apvalūs ortakiai D =350 mm",2.5,"m",13.8,34.5]
["1.3.4.","Apvalūs ortakiai D =500 mm",11.5,"m",13.8,158.70000000000002]
["1.3.5.","Ištraukimo gaubto vidaus paviršių valymas (2 vnt.)",6,"kv. m",15.4,92.4]
["1.3.6.","Gaubto filtrų / Grotelių valymas ",10,"vnt.",6.87,68.7]
["1.3.7.","Gaubto filtrų / Grotelių valymas ",2,"vnt.",6.87,13.74]
["1.4.","Virtuvė A. Kriščiūno g. 2, Žiegždriai, Kaunu raj. (pastatas 1D2p)"]
["1.4.1.","Stačiakampiai ortakiai 450x 600 mm",10,"m",15.12,{"$f":"IF(ISBLANK(E61),\"\", PRODUCT(C61,E61))","v":151.19999999999999}]
["1.4.2.","Stačiakampiai ortakiai 700 x 1150 mm",2,"m",15.12,30.24]
["1.4.3.","Apvalus ortakis D =600 mm",11,"m",10.75,118.25]
["1.4.4.","Stačiakampiai ortakiai 450x 500 mm",2,"m",15.12,30.24]
["1.4.5.","Stačiakampiai ortakiai 300 x 300 mm ",7,"m",15.12,105.83999999999999]
["1.4.6.","Stačiakampiai ortakiai 450x500mm ",3,"m",15.12,45.36]
["1.4.7.","Stačiakampiai ortakiai 300 x 300 mm ",4,"m",15.12,60.48]
["1.4.8.","Stačiakampiai ortakiai 450x 600 mm",6,"m",15.12,90.72]
["1.4.9.","Stačiakampiai ortakiai 700x1150 mm ",2,"m",15.12,30.24]
["1.4.10.","Ištraukimo gaubto vidaus paviršių valymas (1 vnt.)",4,"kv. m",15.4,61.6]
["1.4.11.","Gaubto filtrų / Grotelių valymas ",16,"vnt.",6.87,109.92]
["1.5.","Virtuvė Miško g. 27, Kaune (pastatas 8D1p)"]
["1.5.1.","Apvalūs ortakiai D =200 mm",9,"m",10.75,{"$f":"IF(ISBLANK(E73),\"\", PRODUCT(C73,E73))","v":96.75}]
["1.5.2.","Apvalūs ortakiai D =250 mm",3,"m",10.75,{"$f":"IF(ISBLANK(E74),\"\", PRODUCT(C74,E74))","v":32.25}]
["1.5.3.","Apvalūs ortakiai D =400 mm",3,"m",10.75,{"$f":"IF(ISBLANK(E75),\"\", PRODUCT(C75,E75))","v":32.25}]
["1.5.4.","Ištraukimo gaubto vidaus paviršių valymas (1 vnt.)",3,"kv. m",15.4,{"$f":"IF(ISBLANK(E76),\"\", PRODUCT(C76,E76))","v":46.2}]
["1.5.5.","Gaubto filtrų / Grotelių valymas ",7,"vnt.",6.87,{"$f":"IF(ISBLANK(E77),\"\", PRODUCT(C77,E77))","v":48.09}]
["1.6.","Virtuvė Zikaro g.14, Kačerginė, Kauno raj. (pastatas 2E1p)"]
["1.6.1.","Apvalūs ortakiai D =315 mm",10,"m",10.75,{"$f":"IF(ISBLANK(E79),\"\", PRODUCT(C79,E79))","v":107.5}]
["1.6.2.","Apvalūs ortakiai D =250 mm",1,"m",10.75,{"$f":"IF(ISBLANK(E80),\"\", PRODUCT(C80,E80))","v":10.75}]
["1.6.3.","Ištraukimo gaubto vidaus paviršių valymas (2vnt.)",4,"kv. m",15.4,{"$f":"IF(ISBLANK(E81),\"\", PRODUCT(C81,E81))","v":61.6}]
["1.6.4.","Gaubto filtrų / Grotelių valymas ",6,"vnt.",6.87,{"$f":"IF(ISBLANK(E82),\"\", PRODUCT(C82,E82))","v":41.22}]
["1.7.","Maisto blokas Josvainių g.2, Kaunas (pastatas 5P1p)"]
["1.7.1.","Apvalūs ortakiai D =160 mm",15,"m",10.75,{"$f":"IF(ISBLANK(E84),\"\", PRODUCT(C84,E84))","v":161.25}]
["1.7.2.","Apvalūs ortakiai D =200 mm",22,"m",10.75,236.5]
["1.7.3.","Apvalūs ortakiai D =300 mm",2,"m",10.75,21.5]
["1.7.4.","Apvalūs ortakiai D =400 mm",16,"m",10.75,172]
["1.7.5.","Apvalūs ortakiai D =500 mm",8,"m",10.75,86]
["1.7.6.","Stačiakampiai ortakiai 400 x 500",27,"m",15.62,421.73999999999995]
["1.7.7.","Gartraukio gaubtas 800 x 1800",1,"vnt.",31.25,31.25]
["1.7.8.","Ištraukimo gaubto vidaus paviršių valymas (3 vnt.)",6,"kv. m",9.5,57]
["1.7.9.","Gaubto filtrų / Grotelių valymas ",20,"vnt.",31.25,625]
["1.8.","Papildomos paslaugos"]
["1.8.1.","Pravalų/revizijos liukelių montavimas",20,"vnt.",56,{"$f":"IF(ISBLANK(E94),\"\", PRODUCT(C94,E94))","v":1120}]
["1.8.2.","Gofros keitimas",4,"vnt.",31.5,{"$f":"IF(ISBLANK(E95),\"\", PRODUCT(C95,E95))","v":126}]
[null,null,null,null,"Suma be PVM",{"$f":"IF((COUNT(C35:C95)<>COUNT(F35:F95)),\"\", SUM(F35:F95))","v":5902.7649999999994},{"$f":"IF((COUNT(C35:C95)<>COUNT(F35:F95)),\"Neužpildytos visų objektų kainos\", \"\")","v":""}]
[null,null,null,null,"PVM suma",1239.58]
[null,null,null,null,"Suma su PVM",{"$f":"IF(ISBLANK(F97), \"\", SUM(F96:F97))","v":7142.3449999999993}]

{"sheet":"Subtiekėjai ir priedai","index":1,"n_rows":83,"n_cols":11,"rows_kept":83,"cut":false,"hidden":false,"merged":[[14,2,14,4],[13,2,13,4],[12,2,12,4],[11,2,11,4],[14,0,14,1],[13,0,13,1],[12,0,12,1],[11,0,11,1],[14,8,14,9],[13,8,13,9],[12,8,12,9],[11,8,11,9],[14,5,14,7],[13,5,13,7],[12,5,12,7],[11,5,11,7],[9,0,9,10],[10,8,10,9],[10,5,10,7],[10,2,10,4],[10,0,10,1],[4,5,4,7],[4,2,4,4],[4,0,4,1],[5,5,5,7],[5,0,5,1],[1,0,2,10],[8,5,8,7],[7,5,7,7],[6,5,6,7],[8,8,8,9],[7,8,7,9],[6,8,6,9],[8,0,8,1],[7,0,7,1],[6,0,6,1],[8,2,8,4],[7,2,7,4],[6,2,6,4],[5,2,5,4],[5,8,5,9],[4,8,4,9],[15,0,15,9],[17,7,17,9],[17,1,17,6],[28,7,28,9],[25,7,25,9],[20,7,20,9],[19,7,19,9],[18,7,18,9],[27,7,27,9],[26,7,26,9],[24,7,24,9],[23,7,23,9],[22,7,22,9],[21,7,21,9],[28,1,28,6],[27,1,27,6],[21,1,21,6],[20,1,20,6],[19,1,19,6],[18,1,18,6],[26,1,26,6],[25,1,25,6],[24,1,24,6],[23,1,23,6],[22,1,22,6],[30,0,30,9],[35,4,35,9],[33,4,33,9],[35,0,35,3],[33,0,33,3]]}
[]
["Ūkio subjektai (įskaitant kvazisubtiekėjus - fiziniai asmenys, kuriuos ketinama įdarbinti pirkimo laimėjimo atveju), kurių pajėgumais tiekėjas remiasi, kad atitiktų keliamus kvalifikacijos reikalavimus:"]
[]
[]
["Pavadinimas*",null,"Kodas, adresas",null,null,"Perduodami įsipareigojimai",null,null,"Perduodamų įsipareigojimų dalis nuo visos pirkimo sutarties (Eur arba %)",null,"Kval. Reikalavimo Nr."]
[]
[]
[]
[]
["Subtiekėjams / subteikėjams / subrangovams numatomos perduoti veiklos (privaloma nurodyti) ir šių ūkio subjektų pavadinimai (jei žinomi):"]
["Pavadinimas",null,"Kodas, adresas",null,null,"Perduodama veikla*",null,null,"Perduodamos veiklos dalis nuo visos pirkimo sutarties (Eur arba %)"]
[]
[]
[]
[]
["Kartu su pasiūlymu pateikiami šie dokumentai:"]
[]
["Nr.","Dokumento  pavadinimas",null,null,null,null,null,"Dokumentas yra konfidencialus? Taip/Ne"]
[1,"Jungtinės veiklos kopija (jei taikoma)"]
[2,"Subtiekimo sutartis, ketinimų protokolas, preliminarios sutartys ar kiti dokumentai, patvirtinantys, kad laimėjus pirkimą tiekėjui bus prieinami kitų ūkio subjektų ištekliai (jei pasitelkiami kvalifikacijos atitikimui)"]
[]
[]
[]
[]
[]
[]
[]
[]
[]
[]
["Pasiūlyme nurodyta Prekės kaina, išskyrus jos sudedamąsias dalis, subtiekėjai, taip pat kita informacija, kuri teisės aktų nustatyta tvarka turi būti skelbiama arba kitokiu būdu viešai prieinama visuomenei, nėra laikoma konfidencialia informacija. Konfidencialią informaciją sudaro, visų pirma, komercinė (gamybinė) paslaptis ir konfidencialieji pasiūlymų aspektai. Informacija, kurią viešai skelbti įpareigoja Lietuvos Respublikos įstatymai, negali būti tiekėjo nurodoma kaip konfidenciali, todėl, tiekėjui nurodžius tokią informaciją kaip konfidencialią, perkančioji organizacija turi teisę ją skelbti. Jei tiekėjas nenurodo konfidencialios informacijos, laikoma, kad konfidencialios informacijos tiekėjo pasiūlyme nėra. Vadovaujantis Informacijos viešinimo Centrinėje viešųjų pirkimų informacinėje sistemoje tvarkos aprašu, patvirtintu Viešųjų pirkimų tarnybos direktoriaus 2017 m. birželio 19 d. įsakymu Nr. 1S-91 „Dėl Informacijos viešinimo Centrinėje viešųjų pirkimų informacinėje sistemoje tvarkos aprašo patvirtinimo“, perkančioji organizacija laimėjusio dalyvio pasiūlymą, išskyrus informaciją, kurią tiekėjas nurodė kaip konfidencialią, paskelbs CVP IS."]
[]
[]
["Tiekėjo arba jo įgalioto asmens pareigų pavadinimas:",null,null,null,"Pardavimų vadovė"]
[]
["Pasirašančio asmens vardas ir pavardė:",null,null,null,"Jurgita Kalninienė"]
[]
[]
[]
[]
[]
[]
[]
[]
[]
[]
[]
[]
[]
[]
[]
[]
[]
[]
[]
[]
[]
[]
[]
[]
[]
[]
[]
[]
[]
[]
[]
[]
[]
[]
[]
[]
[]
[]
[]
[]
[]
[]
[]
[]
[]
[]
["6489-1 2022-07-27 09:52:13"]